Change one Letter, one country to another - Statistics

General Stats
  • This quiz has been taken 74 times
  • The average score is 10 of 15
Answer Stats
Hint Answer % Correct
Largest Country in South America Brazil
99%
Writing used by blind people Brail
91%
Past Tense of Run Ran
82%
Space Research Company based in Houston Nasa
76%
Country boasting the world's tallest mountain. Nepal
74%
British term for a grandmother Nan
68%
Having to do with the nose Nasal
68%
Composed of Cerebrum and Cerebellum Brain
66%
Liquid Precipitation Rain
66%
Another term for a grandmother Nana
59%
Style for people with long hair Braid
57%
A small piece or wheat-based food Grain
56%
Synonym for a goblet Grail
54%
To Steal from Raid
53%
Town in Tamil Nadu state of India Nesal
46%
No matching quizzes found
Score Distribution
Percent of People with Each Score
Percentile by Number Answered
Your Score History
You have not taken this quiz